50 most popular baby girl names in Italy (2021) - Statistics

General Stats
  • This quiz has been taken 208 times
  • The average score is 24 of 50
Answer Stats
Name % Correct
Maria
91%
Anna
88%
Sofia
88%
Giulia
80%
Chiara
79%
Emma
77%
Sara
75%
Elisa
71%
Vittoria
67%
Francesca
66%
Elena
64%
Isabel
63%
Alessia
60%
Carlotta
59%
Giorgia
59%
Alice
58%
Martina
58%
Marta
54%
Mia
52%
Aurora
51%
Beatrice
50%
Bianca
47%
Amelia
45%
Arianna
45%
Rebecca
45%
Diana
44%
Camilla
42%
Chloe
42%
Eleonora
42%
Nicole
42%
Emily
39%
Ginevra
39%
Gaia
38%
Giada
36%
Margherita
36%
Noemi
36%
Viola
36%
Ludovica
35%
Nina
35%
Greta
34%
Matilde
34%
Cecilia
28%
Gioia
28%
Asia
27%
Azzurra
25%
Adele
23%
Ambra
23%
Miriam
23%
Anita
21%
Diletta
18%
No matching quizzes found
Score Distribution
Percent of People with Each Score
Percentile by Number Answered
Your Score History
You have not taken this quiz